000 00410nam a2200181Ia 4500
008 210210b1908 xxu||||| |||| 00| 0 eng d
041 _aeng
082 _a930/86
100 _aROW (Narayana N)
245 _aEssentials of Roman history
260 _aCocanada
_b-
_c1908
650 _aRoman
650 _aof
650 _ahistory
650 _aEssentials
690 _aAncient History
906 _a024997
999 _c150691
_d150691